ABSOLUTELY CONTINUOUS VARIATIONAL MEASURES OF MAWHIN'S TYPE

Bibliographic Details
Main Authors: Tulone, Francesco (Author), Zherebyov, Yurij (Author)
Format: Article
Language:English

MARC

LEADER 00000nab a2200000uu 4500
001 vtls011450056
003 SK-MaSNL
005 20260303151419.0
008 230222|2011 xo |||||||||||||||||eng|
015 |a SNBRB 
035 |a (urnnbn)urn:nbn:sk:snk:ar-006f55 
035 |a (uuid)8616cc20-4666-407d-8530-e8f0c8b8dd09 
035 |a urn:nbn:sk:snk-abcmbz 
040 |a SNKBUCL  |b slo  |c SNKBUCL  |e AACR2 
041 0 |a eng 
044 |a xo  |c SK 
100 1 |a Tulone, Francesco  |4 aut  |9 1170951 
245 1 0 |a ABSOLUTELY CONTINUOUS VARIATIONAL MEASURES OF MAWHIN'S TYPE  |c Francesco Tulone, Yurij Zherebyov 
700 1 |a Zherebyov, Yurij  |4 aut  |9 1170952 
773 0 |t Mathematica Slovaca  |g Roč. 61, č. 5 (2011), s. [747]-768 
958 |a OND 
958 |a EUIPO 
958 |a article16 
999 |c 2017557  |d 2019487